STN EN 792-3+A1: 2009 (23 9060) Neelektrické ručné náradie. Bezpečnostné požiadavky Časť 3 Vŕtačky a závitorezy (Konsolidovaný text)

Táto norma je slovenskou a českou verziou európskej normy EN 792-3: 2000+A1: 2008 a je vydaná so súhlasom ČNI, Biskupský dvur 5, 110 02 Praha 1, Česká republika. Preklad zabezpečil Slovenský ústav technickej normalizácie a Český normalizační institut. Táto norma má rovnaké postavenie, ako majú ofici...

Celý popis

Podrobná bibliografia
Korporatívny autor: SSTN (Bratislava, Slovensko) (Autor)
Ďalší autori: Jánoška, Ivan (Prekladateľ)
Médium: Kniha
Jazyk:slovenčina
čeština
angličtina
Fyzický popis:18 s. obr., tab. 30 cm
Vydavateľské údaje: Bratislava Slovenský ústav technickej normalizácie 2009
Predmet:

MARC

LEADER 00000nam a2200000 a 4500
001 vtls009843669
003 SK-MaSNL
005 20260301130527.0
008 130117s2009 xo ka f u 001 0 slo
015 |a SNBN2009/04-01491 
020 |c (cen. skup. 11) 
035 |a (SVKBBclas03)vtls000308397 
040 |a SNK  |b slo  |c SNK  |e AACR2 
041 1 |a slo  |a cze  |h eng 
044 |a xo  |c SK 
046 |a s  |m 200904 (účin. ) 
072 7 |a 621  |x Strojárstvo  |2 konspekt 
080 |a 621.715.2  |2 2001 
080 |a 006.7/.8  |2 2001 
080 |a (437.6) 2 2001  |2 1981 
080 |a (4)  |2 2001 
080 |a 331.45  |2 2001 
080 |a 621.95  |2 2001 
084 |a 25.140.10  |2 ICS 
084 |a 25.140.99  |2 ICS 
130 0 |a STN 23 9060 (STN EN 792-3+A1)  |9 478323 
245 1 0 |a STN EN 792-3+A1: 2009 (23 9060) Neelektrické ručné náradie. Bezpečnostné požiadavky  |n Časť 3  |p Vŕtačky a závitorezy (Konsolidovaný text)  |c spracovateľ SSTN, Bratislava, Ivan Jánoška 
246 1 0 |a Neelektrické ručné náradie 
246 3 0 |a EN 792-3: 2000+A1: 2008 E 
246 1 0 |a Bezpečnostné požiadavky. Časť 3 
246 1 0 |a Vŕtačky a závitorezy (Konsolidovaný text) 
260 |a Bratislava  |b Slovenský ústav technickej normalizácie  |c 2009 
300 |a 18 s.  |b obr., tab.  |c 30 cm 
500 |a Táto norma nahrádza STN EN 792-3 z decembra 2001 v celom rozsahu. STN EN 792-3 z decembra 2001 sa môže súbežne s touto normou používať do 28.12.2009 
504 |a Citované normy, súvisiace právne predpisy s. 2 ; literatúra s. 18 
520 8 |a Táto norma je slovenskou a českou verziou európskej normy EN 792-3: 2000+A1: 2008 a je vydaná so súhlasom ČNI, Biskupský dvur 5, 110 02 Praha 1, Česká republika. Preklad zabezpečil Slovenský ústav technickej normalizácie a Český normalizační institut. Táto norma má rovnaké postavenie, ako majú oficiálne verzie 
540 |a STN vydané na akomkoľvek nosiči sa môžu rozmnožovať a rozširovať iba so súhlasom určenej právnickej osoby  |b SÚTN Bratislava  |c zákon 264/1999 Z. z. 
650 0 7 |a ručné náradie  |2 SVKBBPH  |9 51362 
650 0 7 |a technické normy a štandardy  |z Slovensko  |2 SVKBBPH  |9 79594 
650 0 7 |a technické normy a štandardy  |z krajiny Európskej únie  |2 SVKBBPH  |9 289341 
650 0 7 |a neelektrické ručné náradie  |2 SVKBBPH  |9 321985 
650 0 7 |a vŕtačky  |2 SVKBBPH  |9 59478 
650 0 7 |a bezpečnostné požiadavky  |2 SVKBBPH  |9 292186 
655 7 |a normy  |2 SVKBBPH  |9 70643 
700 1 |a Jánoška, Ivan  |4 trl  |9 314269 
710 2 |a SSTN (Bratislava, Slovensko)  |4 aut  |9 303926 
710 2 |a Slovenský ústav technickej normalizácie  |4 stn  |9 32706 
774 1 8 |t STN EN 792-3: 2001  |d Bratislava: Slovenský ústav technickej normalizácie, 2001  |w vtls009875226 
958 |a OP 
999 |c 745289  |d 747219 
952 |a SNK  |b SNK  |y PREZ  |7 0  |p 17A0619971  |o snkSTN EN 792-3+A1  |i snk2009/8312  |8 0  |0 0  |1 0  |4 0  |d 2009-05-06  |l 0  |r 2026-02-23 23:14:04  |w 2026-02-23 
952 |a SNK  |b SNK  |y PREZ  |7 0  |p 17A0619970  |o snkSTN EN 792-3+A1 D1  |i snk2009/8313  |8 0  |0 0  |1 0  |4 0  |d 2009-05-06  |l 0  |r 2026-02-23 23:14:04  |w 2026-02-23